00787nam a2200205 a 4500999001700000020002700017020003000044100001700074245002800091260005400119300002100173650001400194650002200208700001900230856007000249942000700319952008000326952008000406952009500486 c14362d14362 a8122436218 (paperback) a9788122436211 (paperback)1 aKakani, S.L.10aEngineering Materials / a[S.l.] :bNew Age International Publisher,c2014. a1 v. (unpaged) ; aMaterials aMaterials science aOhring, Milton40uhttp://www.amazon.com/exec/obidos/ASIN/8122436218/chopaconline-20 cBK 00104070aSLCEbSLCEd2015-10-20g565.11o620.1KAKp53257r2015-10-20yBK 00104070aSLCEbSLCEd2016-07-15g559.00o620.1KAKp54103r2016-07-15yBK 00104070aSLCEbSLCEd2016-07-15g559.00l1o620.1KAKp54104r2021-04-16s2019-11-14yBK